Ч. 2; Теоретические основы электротехники
| Parent link: | Теоретические основы электротехники: учебное пособие/ Е. О. Кулешова, Г. В. Носов, В. А. Колчанова; Национальный исследовательский Томский политехнический университет (ТПУ), Энергетический институт (ЭНИН), Кафедра электрических сетей и электротехники (ЭСиЭ). Ч. 2.— .— Томск: Изд-во ТПУ, 2014 |
|---|---|
| Hovedforfatter: | |
| Andre forfattere: | , |
| Summary: | Заглавие с титульного экрана В пособии рассмотрены основные положения и математические понятия теории переходных процессов в линейных цепях, а также методы расчёта нелинейных цепей и цепей с сосредоточенными параметрами. Теоретический материал закрепляется многочисленными примерами и контрольными заданиями. Издание предназначено для самостоятельной работы студентов Электроэнергетического института Национального исследовательского Томского политехнического университета Текстовый файл AM_TPU_network |
| Sprog: | russisk |
| Udgivet: |
2014
|
| Fag: | |
| Online adgang: | http://www.lib.tpu.ru/fulltext2/m/2014/m322.pdf |
| Format: | Electronisk Bog |
| KOHA link: | https://koha.lib.tpu.ru/cgi-bin/koha/opac-detail.pl?biblionumber=271941 |
MARC
| LEADER | 00000nam2a2200000 4500 | ||
|---|---|---|---|
| 001 | 271941 | ||
| 005 | 20260224113357.0 | ||
| 035 | |a (RuTPU)RU\TPU\book\295145 | ||
| 090 | |a 271941 | ||
| 100 | |a 20141014d2014 m y0rusy50 ca | ||
| 101 | 0 | |a rus | |
| 102 | |a RU | ||
| 105 | |a a j 001zy | ||
| 135 | |a drcn ---uucaa | ||
| 181 | 0 | |a i |b e | |
| 182 | 0 | |a b | |
| 183 | 0 | |a cr |2 RDAcarrier | |
| 200 | 0 | |a Ч. 2 |f Г. В. Носов, В. А. Колчанова, Е. О. Кулешова | |
| 203 | |a Текст |c электронный |b визуальный | ||
| 210 | |d 2014 | ||
| 215 | |a 1 файл (2,4 МБ, 212 с.) |c ил., pdf | ||
| 283 | |a online_resource |2 RDAcarrier | ||
| 300 | |a Заглавие с титульного экрана | ||
| 330 | |a В пособии рассмотрены основные положения и математические понятия теории переходных процессов в линейных цепях, а также методы расчёта нелинейных цепей и цепей с сосредоточенными параметрами. Теоретический материал закрепляется многочисленными примерами и контрольными заданиями. Издание предназначено для самостоятельной работы студентов Электроэнергетического института Национального исследовательского Томского политехнического университета | ||
| 336 | |a Текстовый файл | ||
| 371 | 0 | |a AM_TPU_network | |
| 461 | 1 | |9 271935 |0 (RuTPU)RU\TPU\book\295139 |t Теоретические основы электротехники |o учебное пособие |o в 2 ч. |f Е. О. Кулешова, Г. В. Носов, В. А. Колчанова |g Национальный исследовательский Томский политехнический университет (ТПУ), Энергетический институт (ЭНИН), Кафедра электрических сетей и электротехники (ЭСиЭ) |c Томск |n Изд-во ТПУ |v Ч. 2 |d 2014 | |
| 606 | 1 | |a Электротехника теоретическая |2 stltpush |3 (RuTPU)RU\TPU\subj\20909 |9 45970 | |
| 610 | 1 | |a электронный ресурс | |
| 610 | 1 | |a труды учёных ТПУ | |
| 610 | 1 | |a электрические цепи | |
| 610 | 1 | |a переходные процессы | |
| 610 | 1 | |a операторный метод | |
| 610 | 1 | |a интеграл Дюамеля | |
| 610 | 1 | |a магнитные цепи | |
| 610 | 1 | |a цепи с распределенными параметрами | |
| 610 | 1 | |a учебные пособия | |
| 675 | |a 621.3.01(075.8) |v 3 | ||
| 700 | 1 | |a Носов |b Г. В. |c специалист в области электротехники |c доцент Томского политехнического университета, кандидат технических наук |f 1954- |g Геннадий Васильевич |3 (RuTPU)RU\TPU\pers\25531 |9 11461 | |
| 701 | 1 | |a Колчанова |b В. А. |c специалист в области электротехники |c доцент Томского политехнического университета, кандидат технических наук |f 1968- |g Вероника Андреевна |3 (RuTPU)RU\TPU\pers\26437 |9 12141 | |
| 701 | 1 | |a Кулешова |b Е. О. |c специалист в области электротехники |c доцент Томского политехнического университета, кандидат физико-математических наук |f 1976- |g Елена Олеговна |3 (RuTPU)RU\TPU\pers\27086 |9 12636 | |
| 801 | 1 | |a RU |b 63413507 |c 20120503 | |
| 801 | 2 | |a RU |b 63413507 |c 20141014 |g RCR | |
| 856 | 4 | 0 | |u http://www.lib.tpu.ru/fulltext2/m/2014/m322.pdf |z http://www.lib.tpu.ru/fulltext2/m/2014/m322.pdf |
| 942 | |c CF | ||